লোডিং...

Law relating to family courts

গ্রন্থ-পঞ্জীর বিবরন
প্রধান লেখক: Narayana, P S
বিন্যাস: Printed Book
ভাষা:English
প্রকাশিত: N.Delhi Universal Law 2013
বিষয়গুলি:
LEADER 00555nam a22001697a 4500
003 OSt
008 130408t xxu||||| |||| 00| 0 eng d
020 |a 9789350352519 
080 |a 347.61:347.99  |b NAR 
100 |a Narayana, P S  |9 20350 
245 |a Law relating to family courts 
260 |a N.Delhi  |b Universal Law  |c 2013 
300 |a xxxi, 420p. 
653 |a Family courts 
942 |c BK  |6 _ 
999 |c 206716  |d 206716 
952 |0 0  |1 0  |4 0  |6 3476134799_NAR  |7 0  |8 GEN  |9 263093  |a SLS  |b SLS  |c GEN  |d 2013-04-08  |l 2  |o 347.61:347.99 NAR  |p SLS028842  |r 2016-09-30  |s 2015-03-09  |w 2013-10-05  |y BK